Culture Générale - Série 2387 - Statistiques

Statistiques générales
  • Ce quiz a été pris 144 fois
  • Le résultat moyen est 5 sur 10
Statistiques - réponses
Question Réponse % Correct
Dans les années 1980, quelle était la profession du personnage de jeux "Super Mario" ? plombier
89%
Dans quelle ville John Fitzgerald Kennedy a-t-il été assassiné en 1963 ? Dallas
83%
En quelle année Claude François est-il mort ? 1978
78%
Quel animal légendaire était l’emblème de François Ier ? salamandre
54%
De quel pays nous vient le Rubik's Cube ? Hongrie
50%
Dans quelle ville peut-on visiter le musée Jean Cocteau ? voir photo (indice) Menton
50%
Quel était le nom du groupe vocal féminin qui a révélé Diana Ross ? Les Supremes
34%
Quel Président français a été assassiné en 1932 ? prénom et nom ? Paul Doumer
24%
Aux Etats Unis, quelle est la capitale de l’État du Wisconsin ? Madison
13%
Quel était le titre de l'émission animée par Bernard Tapie sur TF1 entre 1986 et 1987 ? ambitions
11%
Aucun quiz correspondant
Distribution des résultats
% des personnes avec chaque résultat
Percentile par nombre de réponses
Votre historique - résultats
Vous n’avez pas pris ce quiz